Chillida 1948-1998

Zapisane w:
Opis bibliograficzny
1. autor: Chillida, Eduardo (Autor)
Format: Książka
Język:angielski
hiszpański
Wydane: Madrid Museo Nacional Centro de Arte Reina Sofía 1998
Hasła przedmiotowe:
Etykiety: Dodaj etykietę
Nie ma etykietki, Dołącz pierwszą etykiete!

MARC

LEADER 00000nam a2200000 a 4500
001 UCP9173
003 CL-VaPUC
008 000324e19980000SP |||||||||||||||||eng|d
041 0 7 |a eng  |2 CL-VaPUC 
041 0 7 |a spa  |2 CL-VaPUC 
082 0 4 |a 730.92  |b CHI  |2 21 
100 0 |a Chillida, Eduardo  |e author  |9 439588 
245 1 0 |a Chillida 1948-1998 
300 |a 374 p 
942 |c BK 
945 |d 20000324 00:00:00  |a rbrito 
260 |a Madrid  |b Museo Nacional Centro de Arte Reina Sofía  |c 1998 
650 0 |a Arte moderno  |9 265333 
650 0 |a Escultura española   |9 341226 
650 7 |a ESCULTORES ESPAÑOLES  |2 CL-VaPUC  |9 268719 
650 0 |a Crítica e interpretación   |9 255042 
651 0 |a España  |9 254926 
583 |a last modification  |c 20000324 00:00:00  |k Rodrigo Vera 
999 |c 286017  |d 286015 
952 |0 0  |1 0  |4 0  |6 730_920000000000000_CHI_1998  |7 0  |8 A  |9 331235  |a BIBARQ  |b BIBARQ  |d 2019-11-20  |i 3590275  |o 730.92 CHI 1998  |p 3590275  |r 2025-01-20  |w 2019-11-20  |y BK  |k ARQ